Tisíciletá Praha očima cizinců

Titel: Tisíciletá Praha očima cizinců / Josef Polišenský
Verfasser:
Ausgabe: Vyd. 1.
Veröffentlicht: Praha : Academia, 1999
Umfang: 229 S. : Ill.
Format: Buch
Sprache: Tschechisch
RVK-Notation:
Schlagworte:
ISBN: 8020007830
Buchumschlag
X
Lokale Klassifikation: 23 8 P 301
alg: 9896711
001A    $03004:20-06-01 
001B    $01999:22-03-23 $t15:35:48.000 
001D    $03004:20-06-01 
001U    $0utf8 
001X    $00 
002@    $0Aau 
003@    $0098967118 
003O    $0231839941 $aOCoLC 
004A    $080-200-0783-0 
007A    $0098967118 $aHEB 
007G    $0DE0069A3E1FF1DD08992AC1257965004BA96B 
007T    $0Herdp15981 
009P    $qapplication/pdf $A2 $3Inhaltsverzeichnis $uhttp://scans.hebis.de/HEBCGI/show.pl?09896711_toc.pdf $mV:DE-603;B:DE-30 
010@    $acze 
011@    $a1999 
013H    $0z 
021A    $aTisíciletá Praha očima cizinců $hJosef Polišenský 
027A    $aDas @tausendjährige Prag mit den Augen seiner Gäste 
028A    $#Polišenský, J. V. $#Polišenský, Josef Vincent $#Polišenský, Josef V. $#Polishenskiĭ, Iosif $#Polišenskij, Josif $#Polišenský, J. $#Polishenskii, Iosif $712354534X $8Polišenský, Josef$Z1915-2001 [Tp1] $9103053611 
032@    $aVyd. 1. 
033A    $pPraha $nAcademia 
034D    $a229 S. 
034M    $aIll. 
039U    $8--Aox--Rak, Jiří$Z1947- [Tp1]. Polišenský, Josef, 1915-2001. Tisíciletá Praha očima cizinců. - Praha, 2000 $9395171431 
044K    $#Prag $#Hlavni Město Praha $#Hauptstadt Prag $#Prag Kraj $#Bezirk Prag $#Praha $#Prague $#Praga $#Praag $74076310-9 $8Prag [Tg1] $9085216283 
044K    $RBesucher $#Besuche $74144953-8 $8Besuch [Ts1] $9085575291 
045R    $aGeschichte 
045Z    $8LL 43853 [Tkv] $9409996726 
046M    $aZsfassung in dt. und engl. Sprache. - Dt. Zsfassung u.d.T.: Das tausendjährige Prag mit den Augen seiner Gäste. - Literaturverz. S. 185 - 195 

lok: 9896711 3
101B    $025-11-11 $t08:48:58.000 
101C    $025-11-11 
101U    $0utf8 
145S/01 $a039 

exp: 9896711 3 1 #EPN
201B/01 $025-11-11 $t08:48:58.000 
201C/01 $025-11-11 
201U/01 $0utf8 
203@/01 $0634241982 
208@/01 $a25-11-11 $bzAa 
209A/01 $a89.639.43 $du $f000 $h89 639 43 $x00 
209G/01 $a89639433 $x00 
220B/01 $aNG 
247C/01 $8601000-3 <30>Frankfurt, Universitätsbibliothek J. C. Senckenberg, Zentralbibliothek (ZB) $9102598258 

lok: 9896711 24
101B    $005-12-02 $t16:54:05.825 
101C    $020-06-01 
145Z/01 $a23 8 P 301 
101U    $0utf8 

exp: 9896711 24 1 #EPN
201B/01 $020-12-02 $t13:06:59.917 
201C/01 $020-06-01 
203@/01 $016106423X 
208@/01 $a20-06-01 $bz 
209A/01 $a01.1589 $du $f050 $h01 1589 $x00 
209C/01 $a01.1589 K $h01 1589 K 
209G/01 $a70307227 $x00 
247C/01 $8358050-7 Marburg, Bibliothek des Herder-Instituts Marburg $9102600961 
201U/01 $0utf8 

lok: 9896711 78

exp: 9896711 78 1 #EPN
201B/01 $025-11-17 $t23:21:47.000 
201U/01 $0utf8 
203@/01 $0792056663 
208@/01 $a12-11-16 $be 
209A/01 $a/ $f000 $x00 
220C/01 $aHerkunft: Hú Av Čr Praha 
237A/01 $aRés. něm., angl. s. 196-211: Das tausendjährige Prag mit den Augen der Gäste. - weiterführende Signatur(en):  Herder-Institut: 01.1589 
244Z/01 $#Tschechien $#Tschechische Republik $#Tschechische Republik $#Tschechenland $#Tschechei Tschechien $#Česká Republika $#Czech Republic $#ČR $74303381-7 $8--Tg1--Tschechien $x01 $9086659812 
244Z/01 $2Trx $#Böhmen $#Bohemia $#Czechy $8--Trx--Čechy $x02 $9391188941 
244Z/01 $#Prag $#Hlavni Město Praha $#Hauptstadt Prag $#Prag Kraj $#Bezirk Prag $#Praha $#Prague $#Praga $#Praag $74076310-9 $8--Tg1--Prag $x03 $9085216283 
244Z/01 $2Trx $#suhted, rahvusvahelised $#santykiai, tarptautiniai $#relations, international $#kapcsolatok, nemzetközi $#stosunki międzynarodowe $#vzťahy medzinárodné $#vztahy mezinárodní $8--Trx--Beziehungen, internationale $x04 $9391372572 
244Z/01 $2Trx $#suhted, kultuurilised $#santykiai, kultūriniai $#relationships, cultural $#kapcsolatok, kulturális $#stosunki kulturalne $#vzťahy kultúrne $#vztahy kulturní $#Kulturtransfer $8--Trx--Beziehungen, kulturelle $x05 $9391374184 
244Z/01 $2Trx $8--Trx--Monographie $x06 $9391384546 
247C/01 $82080>Marburg/Lahn, Herder-Institut, Forschungsbibliothek, Bibliographieportal $9336309341
LEADER 00000cam a2200000 c 4500
001 098967118
003 DE-603
005 20230322153548.0
007 tu
008 010620s1999 xx |||| | u00||u|cze c
020 |a 8020007830 
035 |a (DE-599)HEB098967118 
035 |a (OCoLC)231839941 
040 |a DE-603  |b ger  |c DE-603  |d DE-603 
041 |a cze 
084 |a LL 43853  |0 (DE-625)99743:13303  |0 (DE-603)409996726  |2 rvk 
100 1 |a Polišenský, Josef  |d 1915-2001  |0 (DE-603)103053611  |0 (DE-588)12354534X  |2 gnd 
245 0 0 |a Tisíciletá Praha očima cizinců  |c Josef Polišenský 
246 1 3 |a ˜Dasœ tausendjährige Prag mit den Augen seiner Gäste 
250 |a Vyd. 1. 
264 1 |a Praha  |b Academia  |c 1999 
300 |a 229 S.  |b Ill. 
500 |a Zsfassung in dt. und engl. Sprache. - Dt. Zsfassung u.d.T.: Das tausendjährige Prag mit den Augen seiner Gäste. - Literaturverz. S. 185 - 195 
648 7 |a Geschichte  |2 gnd 
650 7 |a Besuch  |0 (DE-588)4144953-8  |0 (DE-603)085575291  |2 gnd 
651 7 |a Prag  |0 (DE-588)4076310-9  |0 (DE-603)085216283  |2 gnd 
787 0 8 |i Rezensiert in  |a Rak, Jiří, 1947-  |t Polišenský, Josef, 1915-2001. Tisíciletá Praha očima cizinců. - Praha  |w (DE-603)395171431 
856 4 2 |m V:DE-603;B:DE-30  |q application/pdf  |u http://scans.hebis.de/HEBCGI/show.pl?09896711_toc.pdf  |3 Inhaltsverzeichnis 
924 0 |9 30  |a (DE-603)634241982  |b DE-30  |c HES  |d c  |g 89.639.43 
924 0 |9 Mb 50  |a (DE-603)16106423X  |b DE-Mb50  |c HES  |d c  |g 01.1589 
924 0 |9 2080  |a (DE-603)792056663  |b DE-2080  |c HES  |d d  |g /